| 000 | 01621nam0a2200313 4500 | ||
|---|---|---|---|
| 001 | RU\NLR\bibl\423578 | ||
| 005 | 20260406103133.0 | ||
| 010 |
_a5-88924-058-7 _95000 |
||
| 021 |
_aRU _b2003-37728 _91788 |
||
| 035 | _a(NLR Aleph) 000417483 | ||
| 090 |
_a673745 _c673745 |
||
| 100 | _a20030728d2003 |||y0rusy50 ca | ||
| 101 | 0 | _arus | |
| 102 | _aRU | ||
| 105 | _aa ||||||||| | ||
| 200 | 1 |
_a"Москвич" 2141-01, 21412-01, 214122 (1,7), 214123 (1,8), 2335, 23352, 233522 (1,7), 233523 (1,8) _eРуководство по эксплуатации, техн. обслуж. и ремонту _fКоллектив авт. з-да "АЗЛК" _g[Науч. ред. С. Н. Погребной] |
|
| 210 |
_aМ. _cТретий Рим _d2003 |
||
| 215 |
_a160, [10] с. _cил., цв. ил. _d28 |
||
| 300 | _aНа обл. подзаг.: Руководство по ремонту. Эксплуатация и техническое обслуживание | ||
| 606 | 1 |
_a"Москвич" 2141, легковые автомобили _jРуководства, пособия и т.п. _xЭксплуатация _92097551 _3RU\NLR\AUTH\661268972 |
|
| 606 | 1 |
_a"Москвич" 2335, легковые автомобили _jРуководства, пособия и т.п. _xЭксплуатация _92097553 _3RU\NLR\AUTH\661268973 |
|
| 686 | 1 | _aО335.52-08я7"Москвич" | |
| 702 | 1 |
_4340 _8rus _7ca _aПогребной _bС. Н. _gСергей Н. _3RU\NLR\auth\7787637 _970565 |
|
| 801 | 0 |
_aRU _bNLR _c20030728 _gPSBO |
|
| 801 | 1 |
_aRU _bNLR _c20030728 |
|
| 942 | _cBOOK | ||
| 980 | _aNB | ||